000 00606nam a2200217Ia 4500
003 OSt
005 20220107122741.0
008 130318s9999 xx 000 0 und d
020 _a9788126507603
040 _cIIITM-K
082 _a621.382085 MOO/E;1
100 _aMoon, Todd K
_94515
245 _aError correction coding:
_cby Todd K Moon
_bMathemetical methods and algorithms
260 _bWiley,
_aNew Delhi,
_c2005.
300 _axlii, 756p.
650 _aMATHEMATICAL METHODS
_94516
650 _aALGORITHMS
_94517
650 _aDECODING
_94518
650 _aERROR CODING
_94519
942 _2ddc
_cBK
999 _c3955
_d3955